Les 16 Langues officielles dans plusieurs pays - Statistiques

Statistiques générales
  • Ce quiz a été pris 379 fois
  • Le résultat moyen est 10 sur 16
Statistiques - réponses
Nombre de Pays Réponse % Correct
56 Anglais
100%
29 Français
100%
20 Espagnol
99%
3* Mandarin
93%
9 Portugais
92%
6 Allemand
90%
24* Arabe
89%
5 Russe
88%
4 Italien
82%
3 Neerlandais
61%
5 Serbo-Croate
37%
4 Swahili
28%
4* Malais / Indonésien
23%
3* Persan / Dari / Tadjik
21%
4* Albanais
10%
3 Quechua
8%
Aucun quiz correspondant
Distribution des résultats
% des personnes avec chaque résultat
Percentile par nombre de réponses
Votre historique - résultats
Vous n’avez pas pris ce quiz